The First Contest for Singapore 1819-1824 (Record no. 8656)
[ view plain ]
| 000 -LEADER | |
|---|---|
| fixed length control field | 00614nam a2200121Ia 4500 |
| 008 - FIXED-LENGTH DATA ELEMENTS--GENERAL INFORMATION | |
| fixed length control field | 220615s9999||||xx |||||||||||||| ||und|| |
| 100 ## - MAIN ENTRY--PERSONAL NAME | |
| Personal name | Marks, H.J. |
| 245 #4 - TITLE STATEMENT | |
| Title | The First Contest for Singapore 1819-1824 |
| 546 ## - LANGUAGE NOTE | |
| Language note | English[eng] |
| 650 ## - SUBJECT ADDED ENTRY--TOPICAL TERM | |
| Topical term or geographic name entry element | indonesia||Cornelis Elout||East India Company||Godert van der Capellen||India||London||Malacca||Netherlands||Plenipotentiary||Singapore |
| 856 ## - ELECTRONIC LOCATION AND ACCESS | |
| Uniform Resource Identifier | <a href="https://library.oapen.org/bitstream/20.500.12657/32244/1/613366.pdf||https://library.oapen.org/bitstream/20.500.12657/32244/1/613366.pdf||https://library.oapen.org/bitstream/20.500.12657/32244/1/613366.pdf">https://library.oapen.org/bitstream/20.500.12657/32244/1/613366.pdf||https://library.oapen.org/bitstream/20.500.12657/32244/1/613366.pdf||https://library.oapen.org/bitstream/20.500.12657/32244/1/613366.pdf</a> |
| 942 ## - ADDED ENTRY ELEMENTS (KOHA) | |
| Koha item type | E-Books |
| Withdrawn status | Lost status | Damaged status | Not for loan | Home library | Current library | Date acquired | Total Checkouts | Date last seen | Price effective from | Koha item type |
|---|---|---|---|---|---|---|---|---|---|---|
| Kerala University of Digital Sciences, Innovation and Technology Knowledge Centre | Kerala University of Digital Sciences, Innovation and Technology Knowledge Centre | 15/06/2022 | 15/06/2022 | 15/06/2022 | E-Books |